000 00433nam a2200181Ia 4500
005 20221130094829.0
008 131103s9999 xx 000 0 und d
040 _aLoreto College
041 _aEnglish
082 _a821.91
_bAUD
100 _aAuden, W. H.
245 _aHomage to clio
_cW. H. Auden
260 _aLondon
_bFaber and Faber
_c1960
300 _a91p.
650 _aEnglish poetry
850 _aLCLIB
942 _cBK
999 _c21609
_d72088